| 000 | 00390nam a2200145Ia 4500 | ||
|---|---|---|---|
| 008 | 230917s9999||||xx |||||||||||||| ||und|| | ||
| 040 |
_e138997 _aMAIN |
||
| 041 | _aEnglish | ||
| 082 | _a615.19 A13A | ||
| 100 | _aBrittain, Harry G | ||
| 245 | 0 | _aAnalytical profiles of drug substances and excipients. V27 | |
| 260 |
_aSan Diego _bAcademic Press _c2006 |
||
| 300 | _a388 p. | ||
| 942 | _cBK | ||
| 999 |
_c131179 _d131179 |
||